[Event "FRA-ch Youth U20 2018"]
[Site "Agen"]
[Date "2018.04.19"]
[Round "6"]
[White "Ek, Alexandre"]
[Black "Pigeat, Alexandre"]
[Result "*"]
[WhiteElo "2222"]
[BlackElo "2275"]
[Annotator "TA"]
[PlyCount "16"]
[EventDate "2018.??.??"]
[EventType "swiss"]
[EventCountry "FRA"]
[SourceTitle "playchess.com"]
[Source "ChessBase"]
[SourceQuality "1"]

{[%evp 11,16,16,37,29,30,32,31]} 1. e4 e6 2. d4 d5 3. Nc3 Bb4 4. e5 Ne7 5. Qg4 Nf5 6. a3 {C16: French: 3 Nc3 Bb4 4 e5: Lines without ...c5} (6. Nf3 c5 7. dxc5 Nc6 8. Bd2 O-O 9. O-O-O f6 10. exf6 Qxf6 11. Bd3 Bxc5 12. Kb1 Bd7 13. Bg5 Qf7 14. Bf4 {½-½ (47) Ibarra Jerez,J (2523)-Cruz,C (2508) La Roda 2012}) 6... h5 {LiveBook: 3 Games} 7. Qf4 Bxc3+ $146 ({Predecessor:} 7... Be7 8. Nf3 Nc6 9. Bd3 Ncxd4 10. Nxd4 g5 11. Bb5+ c6 12. Nxc6 bxc6 13. Bxc6+ Bd7 {½-½ (58) Shukh,N (2338)-Popov,R (2347) Saratov 2009}) 8. bxc3 c5 *

[Event "FRA-ch Youth U20 2018"]
[Site "Agen"]
[Date "2018.04.19"]
[Round "6"]
[White "Haussernot, Cecile"]
[Black "Wojnowski, Natalia"]
[Result "1-0"]
[WhiteElo "2165"]
[BlackElo "1426"]
[Annotator "NA"]
[PlyCount "74"]
[EventDate "2018.??.??"]
[EventType "swiss"]
[EventCountry "FRA"]
[SourceTitle "playchess.com"]
[Source "ChessBase"]
[SourceQuality "1"]
[TimeControl "5400+30"]

1. e4 {[%emt 0:00:00]} c5 {[%emt 0:00:07]} 2. Nf3 {[%emt 0:00:00]} e6 {[%emt 0:00:07]} 3. d4 {[%emt 0:00:00]} cxd4 {[%emt 0:00:06]} 4. Nxd4 {[%emt 0:00:00]} Nf6 {[%emt 0:00:14]} 5. Bd3 {[%emt 0:00:00]} Nc6 {[%emt 0:04:38]} 6. Nxc6 {[%emt 0:00:43]} bxc6 {[%emt 0:02:05]} 7. O-O {[%emt 0:00:09]} Be7 {[%emt 0:04:53]} 8. e5 {[%emt 0:02:18]} Nd5 {[%emt 0:01:11]} 9. Qg4 {[%emt 0:00:20]} g6 {[%emt 0:01:12]} 10. Bh6 {[%emt 0:00:53]} Qc7 {[%emt 0:02:01]} 11. Qg3 {[%emt 0:01:15]} Bb7 {[%emt 0:02:36]} 12. a3 {[%emt 0:00:16]} O-O-O {[%emt 0:00:52]} 13. c4 {[%emt 0:00:10]} Nb6 {[%emt 0:00:19]} 14. Nc3 {[%emt 0:03:13]} d6 {[%emt 0:05:58]} 15. Rad1 {[%emt 0:01:31]} Rhg8 {[%emt 0:07:28]} 16. Bf4 {[%emt 0:02:49]} d5 {[%emt 0:18:15]} 17. cxd5 {[%emt 0:01:59]} Nxd5 {[%emt 0:05:55]} 18. Ne4 {[%emt 0:05:27]} Nxf4 {[%emt 0:02:43]} 19. Qxf4 {[%emt 0:00:06]} f5 {[%emt 0:01:03]} 20. Nc3 {[%emt 0:00:55]} g5 {[%emt 0:07:43]} 21. Qc4 {[%emt 0:01:18]} Rg6 {[%emt 0:04:14]} 22. Rfe1 {[%emt 0:01:09]} a6 {[%emt 0:01:46]} 23. b4 {[%emt 0:03:29]} c5 {[%emt 0:08:00]} 24. b5 {[%emt 0:03:37]} Rd4 {[%emt 0:00:43]} 25. bxa6 {[%emt 0:08:50]} Rxc4 {[%emt 0:02:51]} 26. axb7+ {[%emt 0:00:06]} Qxb7 {[%emt 0:00:42]} 27. Bxc4 {[%emt 0:00:06]} Qb2 {[%emt 0:01:24]} 28. Rd3 Qxa3 {[%emt 0:03:28]} 29. Rb1 {[%emt 0:11:37]} Qa8 {[%emt 0:03:58]} 30. Bb5 {[%emt 0:06:42]} Qa5 {[%emt 0:04:38]} 31. Bd7+ {[%emt 0:01:22]} Kc7 {[%emt 0:02:18]} 32. Nb5+ {[%emt 0:00:52]} Kb6 {[%emt 0:00:59]} 33. Nd6+ {[%emt 0:00:20]} Ka6 {[%emt 0:00:14]} 34. Bb5+ {[%emt 0:01:48]} Ka7 35. Nc8+ Kb7 36. Nxe7 Rg7 37. Bc6+ Ka7 1-0

[Event "FRA-ch Youth U20 2018"]
[Site "Agen"]
[Date "2018.04.19"]
[Round "6"]
[White "Laronche, Thomas"]
[Black "Grezels, Florian"]
[Result "1-0"]
[WhiteElo "2137"]
[BlackElo "2181"]
[Annotator "NA"]
[PlyCount "93"]
[EventDate "2018.??.??"]
[EventType "swiss"]
[EventCountry "FRA"]
[SourceTitle "playchess.com"]
[Source "ChessBase"]
[SourceQuality "1"]
[TimeControl "5400+30"]

1. e4 {[%emt 0:00:00]} c5 {[%emt 0:00:08]} 2. Nf3 {[%emt 0:01:52]} e6 {[%emt 0:00:14]} 3. b3 {[%emt 0:00:05]} b6 {[%emt 0:00:38]} 4. Bb2 {[%emt 0:02:07]} Bb7 {[%emt 0:02:43]} 5. Nc3 {[%emt 0:03:48]} Nc6 {[%emt 0:03:41]} 6. Be2 {[%emt 0:10:26]} Nd4 {[%emt 0:11:39]} 7. O-O {[%emt 0:03:11]} a6 {[%emt 0:09:34]} 8. Re1 {[%emt 0:03:55]} Ne7 {[%emt 0:04:16]} 9. Bf1 {[%emt 0:05:43]} Ng6 {[%emt 0:04:46]} 10. Nxd4 {[%emt 0:05:54]} cxd4 {[%emt 0:00:10]} 11. Ne2 {[%emt 0:00:13]} e5 {[%emt 0:03:49]} 12. f4 {[%emt 0:02:42]} exf4 {[%emt 0:04:51]} 13. Nxd4 {[%emt 0:00:43]} Bc5 {[%emt 0:04:20]} 14. Kh1 {[%emt 0:01:18]} Qg5 {[%emt 0:09:38]} 15. Nf5 {[%emt 0:05:24]} O-O-O {[%emt 0:03:10]} 16. d4 {[%emt 0:06:00]} Bb4 {[%emt 0:02:08]} 17. d5 {[%emt 0:05:34]} Nh4 {[%emt 0:05:19]} 18. Qd4 {[%emt 0:14:55]} Bc5 {[%emt 0:18:19]} 19. Qxg7 {[%emt 0:01:02]} Qxg7 {[%emt 0:06:28]} 20. Bxg7 {[%emt 0:00:08]} Nxf5 {[%emt 0:01:14]} 21. Bxh8 {[%emt 0:04:33]} Ne3 {[%emt 0:01:24]} 22. Rxe3 {[%emt 0:02:32]} fxe3 {[%emt 0:00:24]} 23. Bf6 {[%emt 0:00:15]} Re8 {[%emt 0:01:02]} 24. Bd3 {[%emt 0:00:42]} Kc7 {[%emt 0:02:01]} 25. Re1 {[%emt 0:00:46]} b5 {[%emt 0:00:26]} 26. c3 {[%emt 0:00:21]} Kd6 {[%emt 0:00:36]} 27. g3 {[%emt 0:00:36]} Rg8 {[%emt 0:00:28]} 28. Kg2 {[%emt 0:00:12]} Kc7 {[%emt 0:00:25]} 29. Kf3 {[%emt 0:00:32]} Rg6 {[%emt 0:00:17]} 30. Bd4 {[%emt 0:00:04]} Bxd4 {[%emt 0:00:33]} 31. cxd4 {[%emt 0:00:04]} f5 {[%emt 0:00:32]} 32. exf5 {[%emt 0:00:39]} Bxd5+ {[%emt 0:00:32]} 33. Kxe3 {[%emt 0:00:08]} Rh6 {[%emt 0:00:41]} 34. h4 {[%emt 0:00:38]} Rf6 {[%emt 0:00:31]} 35. Kf4 {[%emt 0:00:50]} Kd6 {[%emt 0:00:20]} 36. g4 {[%emt 0:00:16]} Rf8 {[%emt 0:00:30]} 37. g5 {[%emt 0:00:30]} Rc8 {[%emt 0:00:12]} 38. f6 Rc3 {[%emt 0:00:43]} 39. Bxh7 {[%emt 0:01:07]} Rh3 {[%emt 0:00:10]} 40. g6 {[%emt 0:01:43]} Rxh4+ {[%emt 0:00:33]} 41. Kg5 {[%emt 0:00:13]} Rh2 {[%emt 0:00:36]} 42. Rf1 {[%emt 0:01:39]} Rg2+ {[%emt 0:00:49]} 43. Kh6 {[%emt 0:00:08]} Rh2+ {[%emt 0:00:38]} 44. Kg7 {[%emt 0:00:05]} Rxa2 {[%emt 0:00:28]} 45. f7 {[%emt 0:00:10]} Bxf7 {[%emt 0:00:10]} 46. gxf7 {[%emt 0:00:05]} Rg2+ {[%emt 0:00:06]} 47. Kf6 {[%emt 0:00:07]} 1-0

[Event "FRA-ch Youth U20 2018"]
[Site "Agen"]
[Date "2018.04.19"]
[Round "6"]
[White "Leriche, Ines"]
[Black "Fretel, Liza"]
[Result "0-1"]
[WhiteElo "1913"]
[BlackElo "1849"]
[Annotator "NA"]
[PlyCount "120"]
[EventDate "2018.??.??"]
[EventType "swiss"]
[EventCountry "FRA"]
[SourceTitle "playchess.com"]
[Source "ChessBase"]
[SourceQuality "1"]
[TimeControl "5400+30"]

1. d4 {[%emt 0:00:00]} Nf6 {[%emt 0:00:07]} 2. Nf3 {[%emt 0:00:00]} g6 {[%emt 0:00:07]} 3. Bf4 {[%emt 0:00:18]} Bg7 {[%emt 0:00:36]} 4. e3 {[%emt 0:00:33]} O-O {[%emt 0:01:00]} 5. Be2 {[%emt 0:00:35] LiveBook: 1076 Games} c5 {[%emt 0:02:48]} 6. c3 {[%emt 0:00:38]} Qb6 {[%emt 0:03:41]} 7. Qc1 {[%emt 0:10:27] A48: 1 d4 Nf6 2 Nf3 g6: Torre, London and Colle Systems} (7. Qb3 d6 8. Nbd2 cxd4 9. Qxb6 axb6 10. exd4 Bd7 11. O-O Nd5 12. Bg3 b5 13. a3 Bc6 14. Rfe1 Nd7 {½-½ (90) Pakleza,Z (2497)-Moranda,W (2599) Zgierz 2018}) 7... d5 {[%emt 0:06:10]} 8. Nbd2 {[%emt 0:03:00]} Nc6 {[%emt 0:05:03]} 9. h3 {[%emt 0:01:35]} cxd4 {[%emt 0:02:04]} 10. exd4 {[%emt 0:01:39]} Nd7 $146 {[%emt 0:01:39]} ({Predecessor:} 10... Bf5 11. g4 {½-½ (29) Gamet,A (2097)-Soyez,C (2147) Aix les Bains 2006}) 11. O-O {[%emt 0:10:27]} f6 {[%emt 0:03:37]} 12. Nb3 {[%emt 0:15:26]} a5 {[%emt 0:04:06]} 13. Qd2 {[%emt 0:17:22]} a4 {[%emt 0:04:14]} 14. Nc1 {[%emt 0:00:36]} Na5 {[%emt 0:04:46]} 15. Re1 {[%emt 0:04:23]} Re8 {[%emt 0:06:43]} 16. Rb1 {[%emt 0:10:17]} Nf8 {[%emt 0:03:16]} 17. Bd3 {[%emt 0:02:26]} Nc4 {[%emt 0:03:35]} 18. Qe2 {[%emt 0:01:04]} Qe6 {[%emt 0:08:11]} 19. Qf1 {[%emt 0:03:25]} Qf7 {[%emt 0:00:06]} 20. Nd2 {[%emt 0:02:01]} Ne6 {[%emt 0:05:24]} 21. Nxc4 {[%emt 0:04:47]} Nxf4 {[%emt 0:00:30]} 22. Nb6 {[%emt 0:00:31]} Nxd3 {[%emt 0:00:49]} 23. Nxd3 {[%emt 0:00:08]} Ra7 {[%emt 0:09:12]} 24. Nb4 {[%emt 0:05:43]} Ra5 {[%emt 0:06:30]} 25. Qe2 {[%emt 0:03:14]} e5 {[%emt 0:02:35]} 26. Nxc8 {[%emt 0:01:13]} Rxc8 {[%emt 0:00:14]} 27. Qd2 {[%emt 0:00:46]} e4 {[%emt 0:03:05]} 28. b3 {[%emt 0:00:53]} f5 {[%emt 0:01:47]} 29. Qc2 {[%emt 0:00:31]} Bxd4 {[%emt 0:01:19]} 30. bxa4 {[%emt 0:00:21]} Bxc3 {[%emt 0:01:33]} 31. Red1 {[%emt 0:00:38]} Rac5 {[%emt 0:00:31]} 32. Qe2 {[%emt 0:00:32]} d4 {[%emt 0:00:34]} 33. a3 {[%emt 0:00:30]} d3 {[%emt 0:01:29]} 34. Qe3 {[%emt 0:00:16]} Qd7 {[%emt 0:02:01]} 35. Na2 {[%emt 0:00:44]} Bd4 {[%emt 0:00:20]} 36. Qf4 {[%emt 0:00:28]} Rc2 {[%emt 0:00:24]} 37. Rd2 {[%emt 0:00:29]} Rxd2 {[%emt 0:00:10]} 38. Qxd2 {[%emt 0:00:05]} Rc2 {[%emt 0:00:05]} 39. Qf4 {[%emt 0:00:27]} Rxa2 {[%emt 0:01:42]} 40. Qb8+ {[%emt 0:00:38]} Kf7 {[%emt 0:00:09]} 41. Rxb7 {[%emt 0:00:17]} Ra1+ {[%emt 0:00:06]} 42. Kh2 {[%emt 0:00:16]} Be5+ {[%emt 0:00:05]} 43. Qxe5 {[%emt 0:00:34]} Qxb7 {[%emt 0:00:04]} 44. Qxa1 {[%emt 0:00:13]} Qc7+ {[%emt 0:00:21]} 45. g3 {[%emt 0:00:34]} Qc2 {[%emt 0:00:11]} 46. Qd4 {[%emt 0:00:24]} Qc7 {[%emt 0:04:16]} 47. Qd5+ {[%emt 0:00:55]} Ke7 {[%emt 0:00:24]} 48. a5 {[%emt 0:00:30]} Qd7 $11 {[%emt 0:01:38]} (48... Qd6 $17 49. Qb7+ Kf6 50. Qb2+ Ke6 51. Qb3+ Qd5 52. Qb6+ Kd7 53. Qa7+ Kc8 54. Qa6+ Kd7 55. Qa7+ Kc8 56. Qa6+ Kd8 57. Qb6+ Kd7 58. Qa7+) 49. Qe5+ {[%emt 0:00:57]} Kf7 {[%emt 0:01:34]} 50. Qc3 {[%emt 0:00:43]} d2 {[%emt 0:00:24]} 51. Qb3+ {[%emt 0:00:30]} Kf6 {[%emt 0:01:20]} 52. Qd1 {[%emt 0:00:00]} Qd4 {[%emt 0:00:40]} 53. Kg2 {[%emt 0:00:30]} Qd5 {[%emt 0:00:18]} 54. Kf1 {[%emt 0:00:55]} Qb5+ {[%emt 0:00:54]} 55. Kg2 {[%emt 0:00:30]} Qxa5 {[%emt 0:00:07]} 56. a4 {[%emt 0:00:27]} Qc3 {[%emt 0:00:30]} 57. Kf1 {[%emt 0:00:29]} Qc4+ {[%emt 0:00:26]} 58. Kg2 {[%emt 0:00:11]} Qc1 {[%emt 0:00:06]} 59. Qb3 {[%emt 0:00:57]} d1=Q {[%emt 0:00:08]} 60. Qb6+ {[%emt 0:00:15]} Ke7 {[%emt 0:00:21]} 0-1

[Event "FRA-ch Youth U20 2018"]
[Site "Agen"]
[Date "2018.04.19"]
[Round "6"]
[White "Terrazzoni, Claire"]
[Black "Aouachria, Marwa"]
[Result "0-1"]
[WhiteElo "1819"]
[BlackElo "1687"]
[Annotator "NA"]
[PlyCount "74"]
[EventDate "2018.??.??"]
[EventType "swiss"]
[EventCountry "FRA"]
[SourceTitle "playchess.com"]
[Source "ChessBase"]
[SourceQuality "1"]
[TimeControl "5400+30"]

1. e4 {[%emt 0:00:00]} c5 {[%emt 0:00:04]} 2. Nc3 {[%emt 0:00:00]} e6 {[%emt 0:00:21]} 3. Nf3 {[%emt 0:01:13]} a6 {[%emt 0:00:30]} 4. d4 {[%emt 0:03:26]} cxd4 {[%emt 0:00:12]} 5. Nxd4 {[%emt 0:00:07]} Nf6 {[%emt 0:00:12]} 6. e5 {[%emt 0:08:18]} Ng8 {[%emt 0:02:07]} 7. g3 {[%emt 0:05:35]} Qc7 {[%emt 0:01:09]} 8. f4 {[%emt 0:02:46]} Bb4 {[%emt 0:04:07]} 9. Bd2 {[%emt 0:02:56]} Nc6 {[%emt 0:03:54]} 10. Nb3 {[%emt 0:02:56]} d5 {[%emt 0:05:27]} 11. a3 {[%emt 0:05:15]} Bxc3 12. Bxc3 {[%emt 0:01:54]} Nge7 {[%emt 0:04:18]} 13. Bh3 {[%emt 0:10:46]} b5 {[%emt 0:02:15]} 14. Nd4 {[%emt 0:07:26]} Bb7 {[%emt 0:03:38]} 15. O-O {[%emt 0:07:36]} g6 {[%emt 0:13:15]} 16. Qd2 {[%emt 0:07:06]} Nxd4 {[%emt 0:02:51]} 17. Bxd4 {[%emt 0:00:58]} Rc8 {[%emt 0:03:03]} 18. Rf2 {[%emt 0:04:18]} Nc6 {[%emt 0:02:47]} 19. Bc3 {[%emt 0:04:36]} Qb6 {[%emt 0:08:21]} 20. Bg2 {[%emt 0:05:04]} a5 {[%emt 0:01:23]} 21. Qd1 {[%emt 0:08:16]} Qc5 {[%emt 0:16:31]} 22. Bd2 {[%emt 0:03:38]} h5 {[%emt 0:09:22]} 23. Rc1 {[%emt 0:04:53]} Qb6 {[%emt 0:03:08]} 24. Qe1 {[%emt 0:00:44]} b4 {[%emt 0:01:56]} 25. axb4 {[%emt 0:00:49]} Nxb4 {[%emt 0:02:57]} 26. Bxb4 {[%emt 0:01:08]} axb4 {[%emt 0:03:29]} 27. Ra1 {[%emt 0:00:42]} Rxc2 {[%emt 0:00:47]} 28. Kf1 {[%emt 0:00:53]} Ba6+ {[%emt 0:00:26]} 29. Kg1 {[%emt 0:00:28]} Bb7 {[%emt 0:01:04]} 30. Kf1 {[%emt 0:00:19]} b3 {[%emt 0:02:19]} 31. Rxc2 {[%emt 0:00:45]} bxc2 {[%emt 0:00:01]} 32. Qc3 {[%emt 0:00:27]} Ba6+ {[%emt 0:00:54]} 33. Ke1 {[%emt 0:00:39]} Qg1+ {[%emt 0:00:14]} 34. Kd2 {[%emt 0:00:12]} Qxa1 {[%emt 0:02:11]} 35. Qc6+ {[%emt 0:00:38]} Kf8 {[%emt 0:00:25]} 36. Kxc2 {[%emt 0:00:34]} Kg7 {[%emt 0:00:23]} 37. Qd6 {[%emt 0:00:31]} Rc8+ {[%emt 0:00:30]} 0-1

[Event "FRA-ch Youth U20 2018"]
[Site "Agen"]
[Date "2018.04.19"]
[Round "6"]
[White "Guigue, Marie-Celine"]
[Black "Aubert, Laurane"]
[Result "0-1"]
[WhiteElo "1288"]
[BlackElo "1952"]
[Annotator "NA"]
[PlyCount "102"]
[EventDate "2018.??.??"]
[EventType "swiss"]
[EventCountry "FRA"]
[SourceTitle "playchess.com"]
[Source "ChessBase"]
[SourceQuality "1"]
[TimeControl "5400+30"]

1. e4 {[%emt 0:00:00]} g6 {[%emt 0:00:04]} 2. d4 {[%emt 0:00:10]} c6 {[%emt 0:00:05]} 3. Nf3 {[%emt 0:00:12]} d5 {[%emt 0:00:33]} 4. e5 {[%emt 0:02:45]} Bg7 {[%emt 0:00:25]} 5. Bd3 {[%emt 0:03:05]} Bg4 {[%emt 0:00:52]} 6. h3 {[%emt 0:00:19] B06: Modern Defence} (6. Nbd2 e6 7. h3 Bxf3 8. Nxf3 Nd7 9. O-O Ne7 10. c3 c5 11. Rb1 Nc6 12. b4 c4 13. Bc2 b5 14. a4 a6 15. Ra1 Na7 16. Bg5 {1-0 (46) Hansen,S (2549)-Argandona Riveiro,I (2388) Helsingor 2013}) 6... Bxf3 {[%emt 0:00:05]} 7. Qxf3 {[%emt 0:00:07]} e6 {[%emt 0:00:10]} 8. O-O {[%emt 0:03:25]} Ne7 {[%emt 0:00:43]} 9. Bg5 {[%emt 0:03:53]} h6 $146 {[%emt 0:01:22]} ({Predecessor:} 9... O-O 10. Nd2 Nd7 11. Nb3 Rc8 12. Na5 Rb8 13. Nb3 b6 {1-0 (51) Sahki,S (1629)-Huguet,A (1370) France 2012}) 10. Bf6 {[%emt 0:04:57]} O-O {[%emt 0:06:42]} 11. Bxg7 Kxg7 {[%emt 0:00:05]} 12. Qf6+ {[%emt 0:06:54]} Kh7 {[%emt 0:00:46]} 13. Nd2 {[%emt 0:04:13]} Nd7 {[%emt 0:01:05]} 14. Qh4 {[%emt 0:03:07]} c5 {[%emt 0:01:55]} 15. c3 {[%emt 0:01:07]} Rc8 {[%emt 0:15:25]} 16. Nf3 {[%emt 0:11:36]} Re8 {[%emt 0:08:18]} 17. Qf4 {[%emt 0:25:44]} Kg7 {[%emt 0:00:52]} 18. h4 {[%emt 0:00:30]} Nc6 {[%emt 0:12:50]} 19. g4 {[%emt 0:04:10]} a6 {[%emt 0:03:41]} 20. a3 {[%emt 0:02:46]} Rf8 {[%emt 0:08:01]} 21. g5 {[%emt 0:00:59]} h5 {[%emt 0:00:29]} 22. Qe3 {[%emt 0:01:25]} Qb6 {[%emt 0:09:23]} 23. Rab1 {[%emt 0:04:25]} a5 {[%emt 0:06:48]} 24. Bc2 {[%emt 0:01:13]} cxd4 {[%emt 0:05:24]} 25. cxd4 {[%emt 0:01:24]} Qc7 {[%emt 0:02:59]} 26. Ba4 {[%emt 0:02:21]} Nb6 {[%emt 0:00:47]} 27. Bb3 {[%emt 0:02:27]} a4 {[%emt 0:00:32]} 28. Ba2 {[%emt 0:00:38]} Na5 {[%emt 0:01:34]} 29. Rfc1 {[%emt 0:00:43]} Nbc4 {[%emt 0:01:07]} 30. Bxc4 {[%emt 0:00:40]} Nxc4 {[%emt 0:00:08]} 31. Qc3 {[%emt 0:00:41]} Qd7 {[%emt 0:01:26]} 32. Nd2 {[%emt 0:02:05]} Nxe5 {[%emt 0:02:12]} 33. Qe3 {[%emt 0:03:40]} Nc6 {[%emt 0:01:59]} 34. Nf3 {[%emt 0:00:40]} Qd6 {[%emt 0:02:10]} 35. Rc3 {[%emt 0:02:44]} Rce8 {[%emt 0:05:14]} 36. Ne5 {[%emt 0:01:02]} Ne7 {[%emt 0:00:51]} 37. f4 {[%emt 0:01:32]} Nf5 {[%emt 0:00:20]} 38. Qf2 {[%emt 0:00:31]} Re7 {[%emt 0:01:17]} 39. Rbc1 {[%emt 0:00:12]} Qb6 {[%emt 0:00:18]} 40. Nf3 {[%emt 0:00:37]} Nd6 {[%emt 0:00:21]} 41. Qc2 {[%emt 0:00:40]} Ne4 {[%emt 0:00:49]} 42. Rd3 {[%emt 0:00:47]} Qa5 {[%emt 0:00:35]} 43. b4 {[%emt 0:00:25]} axb3 {[%emt 0:00:26]} 44. Qxb3 {[%emt 0:00:12]} (44. Rxb3 {was forced.} Ra8 45. Ne5) 44... Rc7 {[%emt 0:00:41]} 45. Rxc7 {[%emt 0:00:16]} Qxc7 {[%emt 0:00:04]} 46. Ne5 {[%emt 0:00:29]} Qc1+ {[%emt 0:00:26]} 47. Qd1 {[%emt 0:01:06]} Qxf4 {[%emt 0:00:54]} 48. Rf3 {[%emt 0:00:29]} Qxh4 {[%emt 0:00:34]} 49. Qf1 {[%emt 0:00:15]} Qxg5+ {[%emt 0:00:17]} 50. Kh2 $19 {[%emt 0:00:36]} f6 {[%emt 0:00:46]} 51. Nd7 {[%emt 0:00:44]} Nd2 {[%emt 0:00:31]} 0-1

[Event "FRA-ch Youth U20 2018"]
[Site "Agen"]
[Date "2018.04.20"]
[Round "7"]
[White "Barseghyan, Harutyun"]
[Black "Philippe, Guillaume"]
[Result "1/2-1/2"]
[WhiteElo "2464"]
[BlackElo "2372"]
[Annotator "TA"]
[PlyCount "110"]
[EventDate "2018.??.??"]
[EventType "swiss"]
[EventCountry "FRA"]
[SourceTitle "playchess.com"]
[Source "ChessBase"]
[SourceQuality "1"]

{[%evp 15,110,20,61,46,75,24,45,37,34,32,84,84,88,63,67,59,83,51,70,61,127,74,61,52,64,53,49,39,69,62,99,99,155,142,254,249,245,0,108,54,61,60,62,54,61,61,81,81,81,81,96,80,97,80,131,127,123,117,137,108,97,85,77,70,139,60,147,98,147,80,147,108,147,147,147,44,81,81,109,109,109,109,109,109,109,109,109,109,109,109,109,109,109,59,109,109,109]} 1. d4 Nf6 2. c4 e6 3. Nc3 Bb4 4. e3 O-O 5. Nge2 Re8 6. a3 Bf8 7. Ng3 d6 {E46: Nimzo-Indian: Rubinstein: 4 e3 0-0 5 Ne2 without early Bd3} (7... d5 8. Be2 b6 9. cxd5 exd5 10. O-O Bb7 11. b4 Nbd7 12. Qb3 c6 13. Bf3 a5 14. b5 c5 15. Nxd5 a4 {½-½ (53) Shankland,S (2671)-Ding,L (2778) Liaocheng 2018}) 8. Be2 Nbd7 {LiveBook: 4 Games} 9. O-O c6 $146 {White is slightly better.} ({Predecessor:} 9... g6 10. e4 e5 11. d5 h5 12. Bg5 Bg7 13. Qd2 Nf8 14. f3 N8h7 15. Be3 {½-½ (76) Pantzar,M (2257)-Tari,A (2596) chess.com INT 2017}) 10. b4 (10. e4 $16) 10... a6 11. Bb2 b5 12. c5 d5 (12... a5 $14) 13. a4 $16 {[%cal Ra4b5]} Rb8 14. axb5 axb5 15. f4 g6 16. Ra7 h5 17. Bf3 Nh7 (17... Re7 $14) 18. Qa1 (18. e4 $142) 18... f5 19. Qa5 Qxa5 20. Rxa5 Nhf6 21. Rfa1 Kf7 22. Nf1 {[%cal Bg3f1,Bf1d2,Bd2b3][%mdl 32]} Ke7 23. Nd2 Kd8 (23... Ne4 $142) 24. Nb3 Kc7 (24... Ne4 $16 25. Ra7 Rb7) 25. Ra7+ $18 Rb7 {[#]} 26. R7a5 (26. R7a6 $1 $18 {is the precise move to win.}) 26... Rb8 $1 $16 27. Bc1 (27. Be2 $16) 27... Bb7 $14 28. Bd2 {[%cal Bc1d2,Bd2e1,Be1h4][%mdl 32]} Ra8 29. Be1 Rxa5 30. Rxa5 Ra8 31. Rxa8 Bxa8 32. Bh4 Be7 33. h3 Nb8 34. Na2 Na6 {[#]} ({Black should try} 34... Bb7) 35. Nbc1 $1 $16 Kd8 36. Nd3 Nd7 37. Bxe7+ Kxe7 38. g4 hxg4 39. hxg4 Kf6 (39... fxg4 $14 40. Bxg4 Nc7) 40. Kf2 (40. g5+ $16 Kf7 41. Kf2) 40... Kg7 (40... fxg4 $14 41. Bxg4 Nc7) 41. Kg3 Nc7 42. Kh4 (42. g5 $142) 42... Kh6 (42... fxg4 $142 43. Bxg4 (43. Kxg4 Nf6+ 44. Kh4 Ne4 $16) 43... Kf7) 43. Nac1 Bb7 44. Nb3 Ba8 45. gxf5 ({White should play} 45. g5+ $16 Kh7 46. Kg3) 45... gxf5 46. Ne5 Nxe5 47. dxe5 {[%mdl 4096] Endgame KBN-KBN} ({Weaker is} 47. fxe5 Na6 $15) 47... Kg7 48. Nd4 Kf7 49. Kg5 Na6 50. Bh5+ Ke7 51. Nc2 Bb7 52. Kg6 Bc8 53. Kg7 Bd7 54. Bf7 Bc8 55. Bg6 Bd7 {Precision: White = 50%, Black = 24%.} 1/2-1/2